| 000 | 00988cam a22002657a 4500 | ||
|---|---|---|---|
| 001 | 2761 | ||
| 005 | 20240112124405.0 | ||
| 020 | _a0142406139 (pbk.) | ||
| 020 | _a9780439740326 | ||
| 040 |
_aDLC _cDLC _beng |
||
| 050 | 0 | 0 | _aPZ7.H7875 |
| 082 | _a823.914 | ||
| 100 | 1 |
_aHorowitz, Anthony _d1955- |
|
| 245 | 1 | 0 |
_aEagle Strike / _cAnthony Horowitz |
| 250 | _aFirst Scholastic printing, January 2005 | ||
| 260 |
_aNew York : _bScholastic, _c2006 |
||
| 300 |
_a322 pages : _c20 cm |
||
| 490 | 0 | _aAn Alex Rider adventure | |
| 505 | _aO | ||
| 520 | _aAfter a chance encounter with assassin Yassen Gregorovich in the South of France, teenage spy Alex Rider investigates international pop star and philanthropist Damian Cray whose new video game venture hides sinister motives involving Air Force One, nuclear missiles, and the international drug trade. | ||
| 521 |
_a690 _bLexile |
||
| 521 |
_aO _bRaz-Plus |
||
| 906 |
_a7 _bcbc _corigcop _d4 _encip _f20 _gy-gencatlg |
||
| 942 |
_2ddc _cBK _n0 |
||
| 999 |
_c2761 _d2761 |
||